Arte y literatura

Gardado en:
Detalles Bibliográficos
Formato: Libro
Idioma:Lingua castelá
Publicado: Beijing Lenguas Extranjeras 1985
Subjects:
Tags: Engadir etiqueta
Sen Etiquetas, Sexa o primeiro en etiquetar este rexistro!

MARC

LEADER 00000nam a2200000 a 4500
001 UCZ8070
003 CL-VaPUC
008 960112e19850000CH |||||||||||||||||spa|d
082 0 4 |a 895.1  |b ART  |2 21 
245 1 0 |a Arte y literatura 
300 |a 261 p 
942 |c BK 
945 |d 19960112 00:00:00  |a cmena 
260 |a Beijing  |b Lenguas Extranjeras  |c 1985 
650 7 |a LITERATURA CHINA  |2 CL-VaPUC  |9 352595 
650 0 |a Artes  |9 268202 
650 0 |a Formas y géneros literarios  |9 324031 
650 7 |a HISTORIA LITERARIA  |2 CL-VaPUC  |9 313318 
650 0 |a Teatro  |9 265385 
650 0 |a Cinematografía  |9 265198 
650 0 |a Artesanía  |9 353181 
650 0 |a Música  |9 306269 
650 0 |a Danza  |9 328568 
650 0 |a Acrobacia  |9 307469 
650 0 |a Cultura  |9 269059 
651 0 |a China   |9 257545 
583 |a last modification  |c 19960112 00:00:00  |k Rodrigo Vera 
999 |c 244030  |d 244028 
952 |0 0  |1 0  |4 0  |6 895_100000000000000_ART_1985  |7 0  |8 A  |9 257941  |a BIBGIM  |b BIBGIM  |d 2019-11-19  |i 1614606  |o 895.1 ART 1985  |p 1614606  |r 2025-01-15  |w 2019-11-19  |y BK  |k ORI 
952 |0 0  |1 0  |4 0  |6 895_100000000000000_ART_1985  |7 0  |8 A  |9 257942  |a BIBHIS  |b BIBHIS  |d 2019-11-19  |i 1360116  |o 895.1 ART 1985  |p 1360116  |r 2025-01-20  |w 2019-11-19  |y BK  |k HIS